000 00775nac a22002770a 4500
001 PT1827
003 AR-LpoUNG
005 20210201004736.0
008 201001s1996||||xxu|||||||||||||||||spa d
020 _a1564090159
_c$188.33
040 _aAR-LpoUNG
_bspa
_eaacr
041 _aspa
044 _axxu
082 0 _aR030 56mac2
245 1 0 _aMacropedia.Arabia S.-Bernini
260 _aKentucky :
_bEnciclopedia Británica,
_c1995-1996.
300 _a408 p. :
_bgráfs.
_a(14
_fVolúmenes)
_3Impreso
490 0 _aEnciclopedia Hispánica
650 4 _aDICCIONARIOS
650 4 _aENCICLOPEDIA
650 4 _aMATERIAL DE REFERENCIA
651 4 _aDOCUMENTOS TEORICOS O METODOLOGICOS
710 2 _aEnciclopedia Britannica Publishers
905 _a1827
942 _cLSALA
999 _c47423
_d47423